000
nam a22 7a 4500
999
_c
53425
_d
53425
003
OSt
005
20220722105104.0
008
220722b xxu||||| |||| 00| 0 eng d
040
_c
IIMT UNIVERSITY MEERUT
100
_a
ROHMEL, D
245
_a
VISUAL BASIC -6
260
_b
THM
300
_a
461
942
_2
ddc
_c
09